000 00951nam a2200277 a 4500
001 000008413
005 20200929161335.0
008 970909s1988 cu a b 000 0 spa d
010 _a97192892
035 _a(OCoLC)22995384
040 _aDO-SdBNP
_cPIT
_dBNG
_dIXA
_dDLC
042 _alccopycat
082 _aCu861.44
_bC834
245 0 0 _aCos Causse :
_btiempo y poesía /
_cOscar Ruiz Miyares [compilador].
260 _aSantiago de Cuba :
_bOriente,
_c1988.
300 _a186 p. :
_bill. ;
_c19 cm.
500 _aSeries statement from dust jacket.
504 _aIncludes bibliographical references.
505 2 _aSeleccion poetica (p. [11]-71) -- Valoraciones -- Fichas de autores (p. 179-184).
650 4 _aPoesía cubana
_95226
650 4 _aLiteratura cubana
_91483
700 2 _aRuiz Miyares, Oscar.
_922679
700 2 2 _aCos Causse, Jesus,
_d1945-
_tPoems.
_kSelections.
_922680
910 _aCatalogación por copia / LC
049 _aBNGR
999 _c8184
_d8184